书目信息 |
| 题名: |
同调代数导论
|
|
| 作者: | 韦伯尔, 著 | |
| 分册: | ||
| 出版信息: | 北京 机械工业出版社 2004.11 |
|
| 页数: | 450页 | |
| 开本: | 24cm | |
| 丛书名: | 经典原版书库 | |
| 单 册: | ||
| 中图分类: | O154.2 | |
| 科图分类: | ||
| 主题词: | 同调代数导--英文 | |
| 电子资源: | ||
| ISBN: | 7-111-15317-0 | |
| 000 | 00799nam 2200241 450 | |
| 001 | 0110563632 | |
| 005 | 20050718091819.60 | |
| 010 | @a7-111-15317-0@dCNY45.00 | |
| 100 | @a20050329d2004 km y0chiy0120 ea | |
| 101 | 0 | @aeng |
| 102 | @aCN@b110000 | |
| 105 | @ay z 000yy | |
| 200 | 1 | @a同调代数导论@Atong tiao dai shu dao lun@e英文版@f(美)韦伯尔著@F(mei)wei bo er zhu |
| 210 | @a北京@c机械工业出版社@d2004.11 | |
| 215 | @a450页@d24cm | |
| 225 | 2 | @a经典原版书库 |
| 330 | @a本书论述了关于当今同调代数的基本概念,并阐述了同调代数与拓朴学、正则局部环以及半单李代数联系的历史渊源。 | |
| 410 | 0 | @12001 @a经典原版书库 |
| 606 | 0 | @a同调代数导@x英文 |
| 690 | @aO154.2@v4 | |
| 701 | 1 | @a韦伯尔,@Awei bo er,@g(Weibel, Charles A.)@4著 |
| 801 | 0 | @aCN@bQSSK@c20050718 |
| 905 | @a10447@dO154.2@eW510 | |
| 同调代数导论:英文版/(美)韦伯尔著.-北京:机械工业出版社,2004.11 |
| 450页;24cm.-(经典原版书库) |
| ISBN 7-111-15317-0:CNY45.00 |
| 本书论述了关于当今同调代数的基本概念,并阐述了同调代数与拓朴学、正则局部环以及半单李代数联系的历史渊源。 |
| ● |
| 相关链接 |
|
|
|
正题名:同调代数导论
索取号:O154.2/W510
 
预约/预借
| 序号 | 登录号 | 条形码 | 馆藏地/架位号 | 状态 | 备注 |
| 1 | 522666 | 205226664 | 自科库401/401自科库 42排2列3层/ [索取号:O154.2/W510] | 在馆 |